The skull of truth / (Record no. 4548)

MARC details
000 -LEADER
fixed length control field 01064nam a22003017a 4500
001 - CONTROL NUMBER
control field 4548
003 - CONTROL NUMBER IDENTIFIER
control field FISKH
005 - DATE AND TIME OF LATEST TRANSACTION
control field 20240916091256.0
008 - FIXED-LENGTH DATA ELEMENTS--GENERAL INFORMATION
fixed length control field 240916b cb ||||| |||| 00| 0 eng d
020 ## - INTERNATIONAL STANDARD BOOK NUMBER
International Standard Book Number 067123438
040 ## - CATALOGING SOURCE
Original cataloging agency FISKH
Language of cataloging eng
Transcribing agency FISKH
Modifying agency FISKH
050 ## - LIBRARY OF CONGRESS CALL NUMBER
Classification number PZ7.C8344
082 ## - DEWEY DECIMAL CLASSIFICATION NUMBER
Edition number 813.54
100 ## - MAIN ENTRY--PERSONAL NAME
Personal name Coville, Bruce
Dates associated with a name 1950
245 ## - TITLE STATEMENT
Title The skull of truth /
Statement of responsibility, etc. A Magic Shop Book Bruce Coville Illustrated by Gary A. Lippincott
250 ## - EDITION STATEMENT
Edition statement First printing in 1999
260 ## - PUBLICATION, DISTRIBUTION, ETC.
Place of publication, distribution, etc. New York :
Name of publisher, distributor, etc. Minstrel Book,
Date of publication, distribution, etc. 1999.
300 ## - PHYSICAL DESCRIPTION
Extent 196 pages :
Other physical details illustration ;
Dimensions 19 cm
505 ## - FORMATTED CONTENTS NOTE
Formatted contents note P<br/>
520 ## - SUMMARY, ETC.
Summary, etc. Charlie, a sixth-grader with a compulsion to tell lies, acquires a mysterious skull that forces its owner to tell only the truth, causing some awkward moments before he understands its power.
521 8# - TARGET AUDIENCE NOTE
Target audience note 700L<br/>
Source Lexile<br/>
521 8# - TARGET AUDIENCE NOTE
Target audience note P<br/>
Source Raz-Plus<br/>
650 ## - SUBJECT ADDED ENTRY--TOPICAL TERM
Source of heading or term Children's
Topical term or geographic name entry element Friendship
Form subdivision Magic Shop Series
650 ## - SUBJECT ADDED ENTRY--TOPICAL TERM
Source of heading or term Science fiction
Topical term or geographic name entry element Truth
Form subdivision Fantasy
700 ## - ADDED ENTRY--PERSONAL NAME
Personal name A. Lippincott, Gary
Dates associated with a name Illustrator
942 ## - ADDED ENTRY ELEMENTS (KOHA)
Source of classification or shelving scheme Dewey Decimal Classification
Koha item type Books
Suppress in OPAC No
Holdings
Withdrawn status Lost status Source of classification or shelving scheme Damaged status Not for loan Collection Home library Current library Shelving location Date acquired Total Checkouts Full call number Barcode Date last seen Price effective from Koha item type
    Library of Congress Classification     Fiction Footprints International School Library Network Toul Kork Campus Footprints International School Library Network Toul Kork Campus   09/16/2024   COV 813.54 PZ7.C8344 2024-1963 09/16/2024 09/16/2024 Books